Statistiques concernant Ultra chimères

Cliquez ici pour prendre le quiz!

Statistiques générales

  • Ce quiz a été pris 42 fois
  • Le résultat moyen est 10 sur 11

Statistiques - réponses

Ultra-chimères% Correct
Zéroid
97%
Mouscoto
94%
Bamboiselle
91%
Cablifère
91%
Cancrelove
91%
Katagami
91%
Ama-Ama
89%
Engloutyran
89%
Pierroteknik
77%
Vémini
77%
Mandrillon
69%

Distribution des résultats

Percentile par nombre de réponses

% des personnes avec chaque résultat

Votre développement - résultats

Vous n’avez pas pris ce quiz